00644nam a2200181Ia 4500008004100000020001500041041001200056082001600068100001300084245010300097260003300200300000700233650001600240700001400256942000700270999001500277952017000292221030s9999 xx 000 0 und d a8175440783 aEnglish a105.23bMeh aS. Mehta 0aWheelers` Question Bank Series - General Computing (Programing Languages)cby S. Mehta, R. Bangia bWheeler PubaNew Delhic1999 a94 aBE Computer aR. Bangia cBK c5794d5794 pBE 1449g60.00l0o105.23 Mehr2024-06-13 00:00:00w2022-10-30yBK003Print4070aMIETLIBbMIETLIBcBL-Academic Block C, FL-2, CUP-48, SH-4, R-4d2000-05-0510HBE